Top 100 NBA Players Nicknames - Statistics

General Stats
  • This quiz has been taken 146 times
  • The average score is 34 of 97
Answer Stats
Player Nickname(s) % Correct
LeBron James King James / LBJ / Chosen One / Bron-Bron / The Little Emperor / The Akron Hammer / L-Train
96%
Michael Jordan Mike / Air Jordan / M.J. / His Airness / Money / Black Cat / Mr. June / G.O.A.T. / Superman / Captain Marvel
94%
Bernard King B
92%
Kobe Bryant Black Mamba / KB24 / Vino / Showboat / Little Flying Warrior / The Eighth Man
92%
Allen Iverson The Answer / A.I. / Bubba Chuck / Jewelz / The Third Degree
92%
Shaquille O'Neal Shaq / Diesel / The Big Aristotle / Superman / Shaq Fu / Shaq Daddy / Warrior
84%
Earvin Johnson Magic / Buck / E.J. the Deejay / Tragic
83%
Karl Malone The Mailman
75%
Hakeem Olajuwon The Dream / Little Moses
74%
Kevin Durant Durantula / KD / Slim Reaper / The Servant / Green Room
73%
Julius Erving Dr. J / The Doctor / J.W.
72%
Dwyane Wade D-Wade / Flash / WOW / Pookie / Father Prime
70%
Chris Paul CP3 / The Point God / The Skate Instructor
67%
Kevin Garnett KG / The Big Ticket / The Kid
67%
Vince Carter V.C. / Vinsanity / Air Canada / Half-Man/Half-Amazing / Flying Man / Sunshine
66%
Gary Payton The Glove / GP
65%
Giannis Antetokoumpo The Greek Freak / The Alphabet
65%
Oscar Robertson Big O / Mr. Triple Double / Ozzie
63%
Russell Westbrook The Brodie / Russ / Beastbrook
63%
Stephen Curry Steph / Baby-Faced Assassin / Chef Curry / The Human Torch / Threezus
62%
Carmelo Anthony Melo / Hoodie Melo / Sweet Melon
61%
James Harden The Beard / El Chapo
59%
Kawhi Leonard The Claw / Board Man / Fun Guy / The Hand / The Terminator
59%
Tracy McGrady T-Mac / The Big Sleep
59%
Pete Maravich Pistol Pete
57%
Chris Webber C-Webb / The Truth
55%
David Robinson The Admiral / D-Rob
53%
Paul Pierce The Truth / P-Double
53%
George Gervin Iceman / Ice / Iceberg Slim / GG
52%
Dwight Howard Superman / D12 / The Daily Double
52%
Anfernee Hardaway Penny
50%
Dennis Rodman The Worm / Dennis the Menace / Country / Psycho / Rodzilla / Demolition Man / El Loco
50%
Wilt Chamberlain Wilt the Stilt / The Big Dipper / Dippy / Dip / The Load / Big Musty / The Record Book
50%
Jerry West Mr. Clutch / Zeke from Cabin Creek / The Logo / Mr. Outside / Cabin Creek Comet
49%
Larry Bird Larry Legend / The Hick from French Lick / Kodak / The Great White Hope
48%
Walt Frazier Clyde / Mr. Cool
46%
Kareem Abdul-Jabbar Lew / Cap / Murdock / Big Fella
46%
Dominique Wilkins Nique / The Human Highlight Film
46%
Connie Hawkins Hawk / The Man
44%
Adrian Dantley A.D. / Teach / The Teacher
43%
Scottie Pippen Pip / Scott / Batman / Robin
43%
Isiah Thomas Zeke / The Baby-Faced Assassin / Tuss / Pocket Magic
43%
Alonzo Mourning Zo
42%
Kyrie Irving Uncle Drew / Ankletaker
41%
Charles Barkley Sir Charles / The Round Mound of Rebound / The Chuckster / The Chuck Wagon / The Prince of Pizza / The Incredible Bulk / The Leaning Tower of Pizza / Bread Truck / Boy Gorge
39%
Clyde Drexler Clyde the Glide
38%
Earl Monroe The Pearl / Black Jesus / Black Magic / Einstein / The Lord's Prayer / Thomas Edison
37%
Nate Archibald Tiny / The Skate
37%
Jason Kidd J-Kidd / Ason Kidd / The Engine / The Kidd / Mr. Triple Double
36%
Bill Russell Russ / Whiskers / Willie / Bill the Hill
35%
Robert Parish The Chief / Slim
34%
Ray Allen Ray-Ray / Sugar Ray / Jesus Shuttlesworth / Skinny Walt / Gentleman
30%
Tony Parker T.P. / Fiery Francophile / Parisian Torpedo
24%
Dave DeBusschere Big D
23%
Dennis Johnson D.J. / Airplane
23%
James Worthy Big Game James / Clever / J-Dub / Ice Man
21%
John Havlicek Hondo
21%
Patrick Ewing Big Pat / Hoya Destroya / Pat
17%
John Stockton Stock
17%
Willis Reed The Captain
17%
Shawn Kemp Reign Man
15%
Dikembe Mutombo Deke / Mt. Mutombo
14%
Bob Cousy Cooz / Houdini of the Hardwood / Flenchy
13%
Elvin Hayes The Big E
13%
Sam Jones Mr. Clutch
12%
Steve Nash MVSteve / Two Time / Nashty
12%
Sidney Moncrief Sir / The Squid / Sir Sid / El Sid
12%
George Mikan Mr. Basketball / Mikan the Magnificent / The Monster / Big Mike
11%
Elgin Baylor Mr. Inside / Elg / Rabbit / Motormouth / Tick Tock / Aches and Pains
11%
Reggie Miller Uncle Reg / The Knick Killer / Killa / Funk / Mighty Mouth
11%
Bob McAdoo Doo / Mac
10%
Manu Ginóbili Gino / Narigon / El Contusione / Manudona / Argentina's Flying Man
10%
Moses Malone Chairman of the Boards / Big Mo
9%
Nate Thurmond Nate the Great / Chairman of the Boards
9%
Dave Cowens Big Red / Dave the Rave
8%
Bill Walton Big Red / Grateful Red / Red Baron / Redwood
8%
David Thompson Skywalker
8%
Kevin McHale Black Hole
7%
Jerry Lucas Luke / Mr. Memory / Dr. Memory / The Computer
7%
Rick Barry The Miami Greyhound
7%
Walt Bellamy Bells
6%
Bob Pettit Big Blue / The Bombardier from Baton Rouge
6%
Dave Bing Duke
5%
Joe Dumars Joe D / Broadway Joe
5%
Pau Gasol Meal Ticket / ET / Kung Pow
5%
Artis Gilmore The A-Train / Late Sleeper
5%
Billy Cunningham The Kangaroo Kid / Kang
5%
Wes Unseld The Wide U
5%
Dirk Nowitzki Dirty / Tall Baller from the G / German Race Car
4%
Bob Lanier Dobber
4%
Grant Hill G-Money / Mr. Nice
4%
Lenny Wilkens Len
4%
Spencer Haywood Wood / Woody / Weedie / Driftwood
4%
Hal Greer High Gear Greer
3%
Alex English The Blade
3%
Chris Mullin Mully
2%
Tim Hardaway Tim Bug
1%
No matching quizzes found
Score Distribution
Percent of People with Each Score
Percentile by Number Answered
Your Score History
You have not taken this quiz